000 00470nam a2200193Ia 4500
003 OSt
005 20241001121407.0
008 240126s9999 xx 000 0 und d
020 _a9781482874082
040 _c0
041 _aEnglish
082 _a344.046 GUP;1 R
100 _aGupta, Kartikey Hari.
245 0 _aSustainable development law : the law for the future
260 _bPartridge
_aNew Delhi
300 _a205
440 _aNULL
942 _cLL
_2ddc
999 _c295400
_d295400